000 00352nam a2200145Ia 4500
005 20251222144855.0
008 251222s9999||||xx |||||||||||||| ||spa||
020 _a8481915017
082 _a171.4/O52
100 _aOnfray, Michel
245 0 _aTeorĂ­a del Cuerpo Enamorado:
250 _a1ra.ed.
264 _bEdiciones Pretexto, S.A.
942 _cLIB
999 _c21743
_d21743